000 00646nam a2200265Ia 4500
005 20260302115808.0
008 008 260114s9999 xx 000 0 eng d
020 _a9781509932733
037 _aTextbook
040 _aCRL
040 _beng
040 _cCRL
041 _2eng
041 _aeng
084 _qCRL
100 _aElizabeth Wicks
_91122687
245 0 _aSuicide and the Law
260 _bBloomsbury
260 _bHart Publishing
260 _c2023
650 _aLaw
856 _uhttps://doi.org/10.5040/9781509932733?locatt=label:secondary_bloomsburyCollections
942 _cEBOOK
999 _c1687489
_d1687489